[Event "CRO-ch U15 21th"]
[Site "Osijek"]
[Date "2012.06.19"]
[Round "1"]
[White "Dubrovic, Rafael"]
[Black "Kovac, Darko"]
[Result "1-0"]
[WhiteElo "1580"]
[BlackElo "2214"]
[PlyCount "49"]
[EventDate "2012.06.19"]
[EventType "swiss"]
[EventRounds "9"]
[EventCountry "CRO"]
[SourceTitle "EXT 2013"]
[Source "ChessBase"]
[SourceDate "2012.11.22"]
[SourceVersion "1"]
[SourceVersionDate "2012.11.22"]
[SourceQuality "1"]

1. e4 e5 2. d4 exd4 3. Qxd4 Nc6 4. Qe3 g6 5. Nc3 Bg7 6. Bd2 Qe7 7. 0-0-0 Nf6 8. Bd3 0-0 9. f4 d6 10. h3 Re8 11. Re1 Qe6 12. g4 Qd7 13. f5 gxf5 14. gxf5 d5 15. Qf3 dxe4 16. Nxe4 Nxe4 17. Rxe4 Rxe4 18. Bxe4 Ne5 19. Qg2 Qd6 20. Nf3 Kf8 21. Rg1 Bf6 22. Ng5 Nc4 23. Nxh7+ Ke7 24. Nxf6 Qxf6 25. Bg5 1-0

[Event "CRO-chT2 Center"]
[Site "Zagreb"]
[Date "2012.03.18"]
[Round "1.16"]
[White "Bartakovic, Tomislav"]
[Black "Kovac, Darko"]
[Result "1-0"]
[WhiteElo "2117"]
[BlackElo "2239"]
[PlyCount "73"]
[EventDate "2012.03.18"]
[EventType "team-swiss"]
[EventRounds "11"]
[EventCountry "CRO"]
[SourceTitle "EXT 2014"]
[Source "ChessBase"]
[SourceDate "2013.11.20"]
[SourceVersion "1"]
[SourceVersionDate "2013.11.20"]
[SourceQuality "1"]

1. e4 c5 2. d4 cxd4 3. c3 d3 4. Bxd3 Nc6 5. Ne2 d6 6. 0-0 Nf6 7. h3 e6 8. Be3 a6 9. f4 Be7 10. Nd2 d5 11. e5 Nd7 12. Nf3 h6 13. b4 b5 14. Ned4 Nxd4 15. Bxd4 Nb6 16. Nh2 Nc4 17. Qg4 g6 18. Qe2 h5 19. Rf2 a5 20. bxa5 Rxa5 21. Rb1 Qc7 22. Nf3 Bc5 23. Ng5 Bxd4 24. cxd4 Qa7 25. a4 Rxa4 26. Rxb5 Qxd4 27. Qc2 Ra1+ 28. Kh2 Rc1 29. Qxc1 Qxf2 30. Bxc4 dxc4 31. Ne4 Qa2 32. Nd6+ Kd7 33. Nxc4 Ke7 34. Nd6 Bd7 35. Rb7 Qf2 36. Ne4 Qd4 37. Nf6 1-0

[Event "CRO-chT2 Center"]
[Site "Croatia"]
[Date "2011.10.02"]
[Round "8.66"]
[White "Kovac, Darko"]
[Black "Blagojevic, Stanislav"]
[Result "1-0"]
[WhiteElo "2266"]
[BlackElo "2039"]
[PlyCount "45"]
[EventDate "2011.03.20"]
[EventType "team-tourn"]
[EventRounds "11"]
[EventCountry "CRO"]
[SourceTitle "EXT 2014"]
[Source "ChessBase"]
[SourceDate "2013.11.20"]
[SourceVersion "1"]
[SourceVersionDate "2013.11.20"]
[SourceQuality "1"]

1. e4 e6 2. d4 d5 3. Nd2 Nf6 4. e5 Nfd7 5. Bd3 c5 6. c3 Nc6 7. Ne2 cxd4 8. cxd4 f6 9. f4 fxe5 10. dxe5 Qb6 11. a3 Bc5 12. Rf1 g6 13. Nb3 Be7 14. Rf3 Nc5 15. Nxc5 Bxc5 16. Qc2 Rf8 17. b4 Be7 18. Be3 Qd8 19. Nd4 Nxd4 20. Bxd4 Bd7 21. Bxg6+ hxg6 22. Qxg6+ Rf7 23. Rh3 1-0

[Event "CRO-chT2 Center"]
[Site "Croatia"]
[Date "2011.03.27"]
[Round "4.46"]
[White "Kovac, Darko"]
[Black "Jazvic, Ivan"]
[Result "0-1"]
[WhiteElo "2266"]
[BlackElo "1913"]
[PlyCount "79"]
[EventDate "2011.03.20"]
[EventType "team-tourn"]
[EventRounds "11"]
[EventCountry "CRO"]
[SourceTitle "EXT 2014"]
[Source "ChessBase"]
[SourceDate "2013.11.20"]
[SourceVersion "1"]
[SourceVersionDate "2013.11.20"]
[SourceQuality "1"]

1. e4 c5 2. Nf3 e6 3. d4 cxd4 4. Nxd4 Nf6 5. Bd3 Nc6 6. Nxc6 bxc6 7. Nc3 d5 8. 0-0 Qc7 9. f4 Bb4 10. e5 Nd7 11. Na4 Nb6 12. c3 Be7 13. Be3 Nxa4 14. Qxa4 Bd7 15. f5 exf5 16. Bxf5 0-0 17. Qg4 Bxf5 18. Rxf5 f6 19. e6 Bd6 20. Rh5 Rfe8 21. Rf1 Qe7 22. Bh6 Rab8 23. Re1 Rxb2 24. Bc1 Rb7 25. Rh3 Be5 26. Qh4 g6 27. Rf1 Qxe6 28. Rhf3 f5 29. Re3 Qd6 30. Rd1 Rbe7 31. g3 Bf6 32. Rxe7 Rxe7 33. Bg5 Bxg5 34. Qxg5 Qe5 35. Kg2 Kg7 36. Rf1 h6 37. Qc1 Qe4+ 38. Kh3 Qg4+ 39. Kg2 Re2+ 40. Kg1 0-1

[Event "CRO-chT2 Center"]
[Site "Zagreb"]
[Date "2010.10.17"]
[Round "9.64"]
[White "Kovac, Darko"]
[Black "Mihalinec, Damir"]
[Result "0-1"]
[WhiteElo "2322"]
[BlackElo "2232"]
[PlyCount "112"]
[EventDate "2010.03.21"]
[EventType "team-tourn"]
[EventRounds "11"]
[EventCountry "CRO"]
[SourceTitle "EXT 2012"]
[Source "ChessBase"]
[SourceDate "2011.11.24"]
[SourceVersion "1"]
[SourceVersionDate "2011.11.24"]
[SourceQuality "1"]

1. e4 c5 2. Nf3 d6 3. d4 cxd4 4. Nxd4 Nf6 5. Nc3 g6 6. Be2 Bg7 7. 0-0 0-0 8. Be3 Nc6 9. h3 Bd7 10. Qd2 Rc8 11. Rad1 Re8 12. f3 Qc7 13. Qe1 a6 14. Qh4 b5 15. Nxc6 Qxc6 16. Rd2 Be6 17. Rfd1 Qb7 18. Nd5 b4 19. c4 bxc3 20. Nxc3 Nd7 21. Nd5 Ne5 22. b3 a5 23. f4 Nc6 24. Bg4 Bxg4 25. hxg4 Nb4 26. f5 Nxd5 27. exd5 Qb4 28. fxg6 hxg6 29. Bd4 Rc1 30. Qf2 Rec8 31. g5 R8c2 32. Rxc1 Rxc1+ 33. Kh2 Bxd4 34. Qxd4 Qxd4 35. Rxd4 Rc5 36. Kg3 e6 37. dxe6 Rxg5+ 38. Kf4 Rf5+ 39. Ke4 Re5+ 40. Kf4 Rxe6 41. Rd5 a4 42. bxa4 Re2 43. g3 Rxa2 44. Rxd6 Rxa4+ 45. Kf3 Kg7 46. Rd3 Kh6 47. Rb3 Kg5 48. Rb5+ f5 49. Rb3 Kh5 50. Rb8 Ra3+ 51. Kf2 g5 52. Rb5 Kg4 53. Rb4+ Kh3 54. Rb5 Ra2+ 55. Ke3 Kg4 56. Rb4+ Kxg3 0-1